Diván del Tamarit (1931-1935) (Record no. 69900)

MARC details
000 -LEADER
campo de control de longitud fija 00901nam a2200241 i 4500
001 - NÚMERO DE CONTROL
campo de control 69900
003 - IDENTIFICADOR DE NÚMERO DE CONTROL
campo de control ES-MaACL
005 - FECHA Y HORA DE LA ÚLTIMA TRANSACCIÓN
campo de control 20250223234432.0
007 - CAMPO FIJO DE DESCRIPCIÓN FÍSICA--INFORMACIÓN GENERAL
campo de control de longitud fija t|
008 - DATOS DE LONGITUD FIJA--INFORMACIÓN GENERAL
campo de control de longitud fija 040713s1981 sp |||| | spa d
020 ## - NÚMERO INTERNACIONAL ESTÁNDAR DEL LIBRO
Número Internacional Estándar del Libro 84-206-6103-1
100 1# - ENTRADA PRINCIPAL--NOMBRE DE PERSONA
Nombre de persona García Lorca, Federico,
Fechas asociadas al nombre 1898-1936
9 (RLIN) 54853
245 10 - MENCIÓN DEL TÍTULO
Título Diván del Tamarit (1931-1935)
Resto del título ; Llanto por Ignacio Sánchez Mejías (1934) ; Sonetos (1924-1936) /
Mención de responsabilidad, etc. Federico García Lorca ; edición, introducción y notas, Mario Hernández.
246 3# - FORMA VARIANTE DEL TITULO
Título propio/Titulo breve Llanto por Ignacio Sánchez Mejías (1934)
246 3# - FORMA VARIANTE DEL TITULO
Título propio/Titulo breve Sonetos (1924-1936)
260 ## - PUBLICACIÓN, DISTRIBUCIÓN, ETC.
Lugar de publicación, distribución, etc. Madrid :
Nombre del editor, distribuidor, etc. Alianza Editorial,
Fecha de publicación, distribución, etc. [1981]
300 ## - DESCRIPCIÓN FÍSICA
Extensión 199 p. ;
Dimensiones 18 cm.
490 1# - MENCIÓN DE SERIE
Mención de serie Obras de Federico García Lorca ;
Designación de volumen o secuencia 3
700 1# - ENTRADA AGREGADA--NOMBRE PERSONAL
Nombre de persona Hernández, Mario,
Fechas asociadas al nombre 1945-
9 (RLIN) 151331
830 1# - PUNTO DE ACCESO ADICIONAL DE SERIE-TÍTULO UNIFORME
Título uniforme Obras de Federico García Lorca ;
Designación de volumen o secuencia 3
9 (RLIN) 183288
852 ## - LOCALIZACIÓN
Ubicación ES-MaACL
Número de control de estantería L-10904
Holdings
Estatus retirado Estado de pérdida Estado de daño No para préstamo Biblioteca de origen Biblioteca actual Ubicación en estantería Fecha de adquisición Fuente de adquisición Total de préstamos Signatura topográfica completa Código de barras Visto por última vez Precio de reemplazo Tipo de ítem Koha
        Biblioteca del Ateneo de Madrid Biblioteca del Ateneo de Madrid Depósito 2 17/01/2008     L-10904 1073195 23/02/2023 23/02/2023 Libro impreso